Sāṛhe tīn yār / (Record no. 61589)
[ view plain ]
| 000 -LEADER | |
|---|---|
| fixed length control field | 00583cam a2200217 a 4500 |
| 001 - CONTROL NUMBER | |
| control field | sa 65000530 |
| 003 - CONTROL NUMBER IDENTIFIER | |
| control field | DLC |
| 005 - DATE AND TIME OF LATEST TRANSACTION | |
| control field | 20260227112103.0 |
| 008 - FIXED-LENGTH DATA ELEMENTS--GENERAL INFORMATION | |
| fixed length control field | 940602s1963 pk 000 f urdo |
| 010 ## - LIBRARY OF CONGRESS CONTROL NUMBER | |
| LC control number | sa 65000530 |
| 025 ## - OVERSEAS ACQUISITION NUMBER | |
| Overseas acquisition number | PL480:P-U-692 |
| 035 ## - SYSTEM CONTROL NUMBER | |
| System control number | (OCoLC)30538281 |
| 040 ## - CATALOGING SOURCE | |
| Original cataloging agency | DLC |
| Transcribing agency | DLC |
| Modifying agency | DLC |
| 050 00 - LIBRARY OF CONGRESS CALL NUMBER | |
| Classification number | PK2199.A285 |
| Item number | S28 1955 |
| 100 0# - MAIN ENTRY--PERSONAL NAME | |
| Personal name | Ae. Ār. K̲h̲ātūn, |
| Dates associated with a name | 1900-1965. |
| 245 10 - TITLE STATEMENT | |
| Title | Sāṛhe tīn yār / |
| Statement of responsibility, etc. | Ae. Ār. K̲h̲ātūn. |
| 260 ## - PUBLICATION, DISTRIBUTION, ETC. | |
| Place of publication, distribution, etc. | Lāhaur : |
| Name of publisher, distributor, etc. | Āʼīnah-yi Adab, |
| Date of publication, distribution, etc. | 1963. |
| 300 ## - PHYSICAL DESCRIPTION | |
| Extent | 164 p. ; |
| Dimensions | 18 cm. |
| 500 ## - GENERAL NOTE | |
| General note | Novel. |
| 546 ## - LANGUAGE NOTE | |
| Language note | In Urdu. |
No items available.